TIME MANAGEMENT IN AN INSTANT 60 WAYS TO (Record no. 11205)

MARC details
000 -LEADER
fixed length control field 00344nam a2200133Ia 4500
008 - FIXED-LENGTH DATA ELEMENTS--GENERAL INFORMATION
fixed length control field 240624s9999 xx 000 0 und d
041 ## - LANGUAGE CODE
Language code of text/sound track or separate title eng
082 ## - DEWEY DECIMAL CLASSIFICATION NUMBER
Classification number 650.1 LEL
100 ## - MAIN ENTRY--PERSONAL NAME
Personal name LELAND KAREN
245 ## - TITLE STATEMENT
Title TIME MANAGEMENT IN AN INSTANT 60 WAYS TO
260 ## - PUBLICATION, DISTRIBUTION, ETC.
Date of publication, distribution, etc. 2008
Place of publication, distribution, etc. New Jersey
Name of publisher, distributor, etc. Career Press
300 ## - PHYSICAL DESCRIPTION
Extent 160 : p. : cm. ; 21
365 ## - TRADE PRICE
Currency code
Price amount 30
Holdings
Withdrawn status Lost status Damaged status Not for loan Home library Current library Shelving location Date acquired Source of acquisition Cost, normal purchase price Total Holds Full call number Barcode Date last seen Copy number Price effective from Koha item type
        IMTN IMTN Rack 18-B 10/15/2008 BWE 11.99 4962 650.1 LEL 11205 06/24/2024 48 06/24/2024 Books
Designed & Maintained by: LRC IMT Nagpur Contact: lrc@imtnag.ac.in© 2024. All Rights Reserved.